Welcome to the Holygrace Academy Library

Please use search bar below to get started

FUNDAMENTALS OF PHYSICS (Record no. 675)

MARC details
000 -LEADER
fixed length control field 00332nam a22001337a 4500
020 ## - INTERNATIONAL STANDARD BOOK NUMBER
ISBN 978-81-265-3245-2
082 ## - DEWEY DECIMAL CLASSIFICATION NUMBER
Classification number 530
Item number HAL/F
100 ## - MAIN ENTRY--AUTHOR NAME
Personal name HALLIDAY, RESNICK, WALKER
245 ## - TITLE STATEMENT
Title FUNDAMENTALS OF PHYSICS
Remainder of title CLASS XII
260 ## - PUBLICATION, DISTRIBUTION, ETC. (IMPRINT)
Place of publication DELHI
Name of publisher WILEY INDIA PVT LTD
300 ## - PHYSICAL DESCRIPTION
Number of Pages 568
650 ## - SUBJECT ADDED ENTRY--TOPICAL TERM
Topical Term PHYSICS FOR CLASS XII
Geographic subdivision INDIA
942 ## - ADDED ENTRY ELEMENTS (KOHA)
Koha item type Books
Holdings
Withdrawn status Lost status Collection code Home library Current library Shelving location Date acquired Source of acquisition Full call number Accession Number Koha item type Cost, normal purchase price
    Reference Main Library Main Library SHELF-9 B XII PHYSICS 04/09/2012 purchase 530 HAL/F 07054 Books  
    Reference Main Library Main Library SHELF-9 B XII PHYSICS 04/09/2012 purchase 530 HAL/F 07055 Books 999.00